Koncepčný návrh snehovej frézy pre nakladač Valet150

Saved in:
Bibliographic Details
Main Author: Poničanová, Andrea (Author)
Other Authors: Kurilla, Matej (Thesis advisor)
Format: Manuscript Book
Language:Slovak
Published: 2023
Subjects:
Online Access:http://is.stuba.sk/zp/portal_zp.pl?podrobnosti=171419
Tags: Add Tag
No Tags, Be the first to tag this record!

MARC

LEADER 00000ntm a22000003a 4500
001 stuzp94636
003 SK-STU
005 20240424115256.5
007 ta
008 150427s2015----xo-----f-mn---000-0-slo-d
040 |a STU  |b slo 
041 0 |a slo 
100 1 |a Poničanová, Andrea  |u 020030  |4 aut  |U SjF Strojnícka fakulta  |T SjF Ústav dopravnej techniky a konštruovania  |X 93295  |U J0030  |Y 806  |7 93295 
242 0 1 |a Conceptual design of a snow blower for the loader Valet150  |y eng 
245 1 0 |a Koncepčný návrh snehovej frézy pre nakladač Valet150 
260 |c 2023 
650 4 |a nakladač  |2 slo 
650 4 |a snehová fréza  |2 slo 
650 4 |a hydromotor  |2 slo 
650 4 |a výhľadové zóny  |2 slo 
650 4 |a loader  |2 eng 
650 4 |a zones of view  |2 eng 
650 4 |a snow blower  |2 eng 
650 4 |a hydraulic motor  |2 eng 
700 1 |a Kurilla, Matej  |u 020060  |k Z3  |4 ths  |U SjF Strojnícka fakulta  |T SjF Ústav energetických strojov a zariadení  |X 55162  |U J0060  |Y 805  |7 55162 
856 4 |u http://is.stuba.sk/zp/portal_zp.pl?podrobnosti=171419 
996 |b 284J047517  |c J* 3639/DDP  |l JJSK  |s A  |a 24  |w stuzp94636_0001